| 000 | 01640nac a22004091i 4500 | ||
|---|---|---|---|
| 003 | EG-ScBUE | ||
| 005 | 20230319104033.0 | ||
| 008 | 230319t2002 caua f bd 001 0ceng d | ||
| 020 | _a158765007X (set : alk. paper) | ||
| 020 | _a1587650088 (v. 1 : alk. paper) | ||
| 020 | _a1587650096 (v. 2 : alk. paper) | ||
| 020 | _a158765010X (v. 3 : alk. paper) | ||
| 020 | _a1587650118 (v. 4 : alk. paper) | ||
| 020 | _a1587650126 (v. 5 : alk. paper) | ||
| 020 | _a1587650134 (v. 6 : alk. paper) | ||
| 020 | _a1587650142 (v. 7 : alk. paper) | ||
| 020 | _a1587650150 (v. 8 : alk. paper) | ||
| 040 |
_aEG-ScBUE _beng _erda _cEG-ScBUE _dEG-ScBUE |
||
| 082 | 0 | 4 |
_a796.0922 _222 _bGRE |
| 245 | 0 | 0 |
_aGreat athletes / _cedited by the editors of Salem Press ; special consultant, Rafer Johnson. |
| 250 | _aRevised edition. | ||
| 264 | 1 |
_aPasadena, California : _bSalem Press, _c[2002] |
|
| 264 | 4 | _cc2002 | |
| 300 |
_a8 volumes : _billustrations ; _c29 cm |
||
| 336 |
_2rdacontent _atext _btxt |
||
| 337 |
_2rdamedia _aunmediated _bn |
||
| 338 |
_2rdacarrier _avolume _bnc |
||
| 504 | _aIncludes bibliographical references and index. | ||
| 505 | 0 | _aVolume 1. Aaron-Canseco indexes -- Volume 2. Cap-Fan indexes -- Volume 3. Far-Hol indexes -- Volume 4. Hol-Lil indexes -- Volume 5. Lin-Nic indexes -- Volume 6. Nit-San indexes -- Volume 7. Sar-Uns indexes -- Volume 8. Uns-Z appendices indexes. | |
| 650 | 7 |
_aAthletes _vBiography _vDictionaries. _2BUEsh |
|
| 653 | _bGGEN | ||
| 655 | _vReading book | ||
| 700 | 1 |
_aJohnson, Rafer, _d1935- _econsultant. |
|
| 710 | 2 |
_aSalem Press, _eeditor. |
|
| 942 |
_cNB _2ddc |
||
| 999 |
_c6996 _d6996 |
||